Constructivismo en psicoterapia
Gespeichert in:
| 1. Verfasser: | |
|---|---|
| Weitere Verfasser: | |
| Format: | Buch |
| Sprache: | Spanisch |
| Veröffentlicht: |
Barcelona
Paidós
1998
|
| Schriftenreihe: | Colección Psicología, Psiquitría, Psicoterapia, 157
|
| Schlagworte: | |
| Tags: |
Tag hinzufügen
Keine Tags, Fügen Sie den ersten Tag hinzu!
|
MARC
| LEADER | 00000nam a2200000 a 4500 | ||
|---|---|---|---|
| 001 | UCP3536 | ||
| 003 | CL-VaPUC | ||
| 008 | 990625e19980000SP |||||||||||||||||spa|d | ||
| 082 | 0 | 4 | |a 616.891 |b NEI |2 21 |
| 100 | |a Neimeyer, Robert A. |e autor |9 419884 | ||
| 700 | |a Mahoney, Michael J. |e autor |9 430912 | ||
| 245 | 1 | 0 | |a Constructivismo en psicoterapia |
| 300 | |a 411 p | ||
| 942 | |c BK | ||
| 945 | |d 19990625 00:00:00 |a vberengu | ||
| 260 | |a Barcelona |b Paidós |c 1998 | ||
| 650 | 7 | |a PSICOTERAPIA |2 CL-VaPUC |9 430913 | |
| 650 | 0 | |a Constructivismo |9 268156 | |
| 650 | 0 | |a Cognición |9 270347 | |
| 650 | 0 | |a Psicología |9 257863 | |
| 650 | 0 | |a Hermenéutica |9 269473 | |
| 650 | 7 | |a TERAPIAS |2 CL-VaPUC |9 373443 | |
| 583 | |a last modification |c 19990625 00:00:00 |k Rodrigo Vera | ||
| 490 | 0 | |a Colección Psicología, Psiquitría, Psicoterapia, 157 | |
| 999 | |c 281844 |d 281842 | ||
| 952 | |0 0 |1 0 |4 0 |6 616_891000000000000_NEI_1998 |7 0 |8 A |9 322847 |a BIBEDU |b BIBEDU |c ES_NOD |d 2019-11-20 |i 3531422 |l 4 |m 1 |o 616.891 NEI 1998 |p 3531422 |r 2025-05-08 |s 2025-04-29 |w 2019-11-20 |y BK |k PSI | ||
| 952 | |0 0 |1 0 |4 0 |6 616_891000000000000_NEI_1998 |7 0 |8 A |9 322848 |a FDOPOS |b FDOPOS |d 2019-11-20 |i 3676900 |o 616.891 NEI 1998 |p 3676900 |r 2025-01-22 |w 2019-11-20 |y BK |k MLA | ||